000 00760nam a22002297a 4500
003 UA-OsUOA
001 103820
007 ta
008 20131121b un ||||| |||| 00| 0 ukr d
090 _a81'374.3(038)
_bВ27
942 _cBK
040 _aUA-OsUOA
_bukr
_cUA-OsUOA
_dUA-OsUOA
245 _aВеликий тлумачний словник сучасної української мови
_cуклад. О. Єрошенко
300 _a864 с.
955 _a2
041 _aukr
080 _a81'374.3(038)
020 _a978-617-536-248-8
260 _aДонецьк
_bГлорія Трейд
_c2012
650 7 _a8 Мовознавство. Художня література. Літературознавство
_2UDC
999 _c390250
_d390250